000 00666nam a2200289Ia 4500
005 20260324144346.0
008 008 260324s9999 xx 000 0 eng d
020 _a9780203485958
037 _aEBOOK
040 _aCRL
040 _beng
040 _cCRL
041 _2eng
041 _aeng
084 _qCRL
100 _aIvor F Goodson
_91219027
245 4 _aThe Making Of The Curriculum
245 0 _bCollected Essays
260 _bTaylor and Francis
260 _c1988
365 _a
365 _b95.99
856 _uhttp://www.taylorfrancis.com/books/9780203485958
942 _cEBOOK
999 _c1825550
_d1825550